[Event "Almaty Open 2018"]
[Site "Almaty"]
[Date "2018.10.17"]
[Round "3"]
[White "Askarov, Bakhtiyar"]
[Black "Igambergenov, Alibek"]
[Result "0-1"]
[WhiteElo "2428"]
[BlackElo "2253"]
[Annotator "NA"]
[PlyCount "76"]
[EventDate "2018.10.16"]
[EventType "swiss"]
[EventCountry "KAZ"]
[SourceTitle "playchess.com"]
[Source "ChessBase"]
[SourceQuality "1"]
[TimeControl "5400+30"]

1. d4 {[%emt 0:00:00]} Nf6 {[%emt 0:10:01]} 2. Nf3 {[%emt 0:00:00]} g6 {[%emt 0:01:35]} 3. g3 {[%emt 0:02:00]} Bg7 {[%emt 0:03:20]} 4. Bg2 {[%emt 0:00:06]} O-O {[%emt 0:00:08]} 5. O-O {[%emt 0:00:03]} d5 {[%emt 0:00:04]} 6. c4 {[%emt 0:00:05]} c6 {[%emt 0:00:04]} 7. cxd5 {[%emt 0:01:24]} cxd5 {[%emt 0:00:05]} 8. Nc3 {[%emt 0:00:03]} Ne4 {[%emt 0:05:35]} 9. e3 {[%emt 0:14:53]} Nxc3 {[%emt 0:14:00] D79: Fianchetto Grünfeld: Symmetrical Variation (6 0-0 c6 7 cxd5 cxd5)} (9... Nc6 10. Nd2 Nf6 11. Nb3 b6 12. Re1 Bb7 13. Bd2 e6 14. Nc1 {½-½ (14) Berkes,F (2687)-Swiercz,D (2633) Denizli 2013}) 10. bxc3 {[%emt 0:01:24]} Nc6 {[%emt 0:00:03]} 11. Nd2 {[%emt 0:01:17] LiveBook: 29 Partien} Be6 {[%emt 0:04:25]} 12. e4 {[%emt 0:06:27]} dxe4 {[%emt 0:01:20]} 13. Nxe4 {[%emt 0:00:36]} Bd5 $146 {[%emt 0:01:32]} ({Predecessor:} 13... Qa5 14. Bd2 Bc4 15. Re1 Rac8 16. Nc5 b6 17. Nb3 {0-1 (69) Barpiyeva,G (2111)-Jussupow,N (2158) Germany 2012}) 14. Re1 {[%emt 0:01:14]} Na5 {[%emt 0:05:55]} 15. Bh3 {[%emt 0:06:50]} b6 {[%emt 0:06:26]} 16. Qe2 {[%emt 0:12:14]} Re8 {[%emt 0:01:57]} 17. Bf4 {[%emt 0:00:53]} Bb7 {[%emt 0:02:47]} 18. Rad1 {[%emt 0:02:48]} Qd5 {[%emt 0:02:47]} 19. Bg2 {[%emt 0:00:58]} Kf8 {[%emt 0:01:16]} 20. Bf3 {[%emt 0:00:49]} Qc4 {[%emt 0:05:29]} 21. Qb2 {[%emt 0:09:42]} Rac8 $11 {[%emt 0:02:20]} 22. Rc1 {[%emt 0:00:32]} Bd5 {[%emt 0:01:50]} 23. Be2 {[%emt 0:09:36]} Qxa2 {[%emt 0:02:33]} 24. Qxa2 {[%emt 0:00:06]} Bxa2 {[%emt 0:00:03]} 25. Ba6 {[%emt 0:00:08]} Ra8 {[%emt 0:01:27]} 26. Nd2 {[%emt 0:00:07]} Bd5 {[%emt 0:02:00]} 27. c4 {[%emt 0:04:10]} Bb7 {[%emt 0:00:32]} 28. Bxb7 {[%emt 0:00:21]} Nxb7 {[%emt 0:00:04]} 29. Nb3 {[%emt 0:02:13]} a5 {[%emt 0:03:20]} 30. c5 {[%emt 0:00:28]} a4 {[%emt 0:00:09]} 31. Nd2 {[%emt 0:01:20]} bxc5 {[%emt 0:07:38]} 32. dxc5 {[%emt 0:00:06]} Rec8 {[%emt 0:01:17]} 33. Be3 {[%emt 0:06:56]} Na5 {[%emt 0:01:17]} 34. Nc4 {[%emt 0:02:18]} Nxc4 {[%emt 0:00:48]} 35. Rxc4 {[%emt 0:00:07]} a3 {[%emt 0:00:07]} 36. Bd4 {[%emt 0:00:04]} Bxd4 {[%emt 0:00:21]} 37. Rxd4 {[%emt 0:00:07]} Rxc5 {[%emt 0:00:04]} 38. Ra1 {[%emt 0:00:10]} Rc2 {[%emt 0:00:29]} 0-1

[Event "Almaty Open 2018"]
[Site "Almaty"]
[Date "2018.10.17"]
[Round "3"]
[White "Urazayev, Arystanbek"]
[Black "Burmakin, Vladimir"]
[Result "1/2-1/2"]
[WhiteElo "2321"]
[BlackElo "2523"]
[Annotator "TA"]
[PlyCount "41"]
[EventDate "2018.10.16"]
[EventType "swiss"]
[EventCountry "KAZ"]
[SourceTitle "playchess.com"]
[Source "ChessBase"]
[SourceQuality "1"]

{[%evp 15,41,68,83,39,50,37,45,37,42,3,23,15,16,-9,0,-12,0,0,0,0,0,0,0,0,0,-16,0,-16]} 1. e4 d5 2. exd5 Qxd5 3. Nc3 Qd6 4. d4 Nf6 5. Nf3 c6 6. Ne5 Be6 {B01: Scandinavian Defence} (6... Nbd7 7. Nc4 Qc7 8. Qf3 Nb6 9. Bf4 Qd7 10. Nxb6 axb6 11. O-O-O Qd8 12. h3 e6 13. Bc4 Be7 14. g4 {½-½ (32) Grischuk,A (2750)-Rapport,R (2698) chess.com INT 2017}) 7. Bf4 Qb4 8. a3 Qa5 {LiveBook: 3 Games. White is slightly better.} 9. Bc4 Bxc4 10. Nxc4 Qd8 11. Qe2 {[#] And now Nd6+ would win.} e6 12. Ne4 $146 ({Predecessor:} 12. O-O-O Be7 13. Rd3 Nd5 14. Be5 {1-0 (35) Van der Weide,K (2502)-Heinzel,O (2401) Augsburg 2007}) 12... Nxe4 $1 13. Qxe4 Qd5 {The position is equal.} 14. Qxd5 (14. Qd3 {is more complex.} Qxg2 15. O-O-O Nd7 16. Rhg1 Qd5 17. Rg5) 14... cxd5 15. Ne5 Bd6 16. Nd3 Bxf4 17. Nxf4 Nc6 18. c3 b5 19. Nd3 a5 20. Kd2 Ke7 21. Rhe1 {Precision: White = 34%, Black = 82%.} 1/2-1/2

[Event "Almaty Open 2018"]
[Site "Almaty"]
[Date "2018.10.17"]
[Round "3"]
[White "Serikbay, Chingiz"]
[Black "Mirzoev, Azer"]
[Result "0-1"]
[WhiteElo "2284"]
[BlackElo "2508"]
[Annotator "ChessBase"]
[PlyCount "118"]
[EventDate "2018.10.16"]
[EventType "swiss"]
[EventCountry "KAZ"]
[SourceTitle "playchess.com"]
[Source "ChessBase"]
[SourceQuality "1"]
[TimeControl "5400+30"]

1. Nf3 {[%emt 0:05:25]} d5 {[%emt 0:00:50]} 2. g3 {[%emt 0:00:42]} Nf6 {[%emt 0:00:09]} 3. Bg2 {[%emt 0:00:04]} c6 {[%emt 0:00:15]} 4. O-O {[%emt 0:00:05]} Bg4 {[%emt 0:00:18]} 5. d4 {[%emt 0:00:20]} Nbd7 {[%emt 0:00:13]} 6. h3 {[%emt 0:01:31]} Bh5 {[%emt 0:04:31]} 7. c4 {[%emt 0:02:07]} e6 {[%emt 0:00:05]} 8. Nc3 {[%emt 0:02:26]} Be7 {[%emt 0:00:28]} 9. b3 {[%emt 0:04:18]} h6 {[%emt 0:00:21]} 10. Bb2 {[%emt 0:00:34]} O-O {[%emt 0:00:08]} 11. Nd2 {[%emt 0:06:46]} Qb6 {[%emt 0:02:50]} 12. c5 {[%emt 0:02:40]} Qc7 {[%emt 0:00:12]} 13. b4 {[%emt 0:03:22]} b6 {[%emt 0:01:50]} 14. Nb3 {[%emt 0:04:12]} Rfb8 {[%emt 0:02:19]} 15. Bc1 {[%emt 0:10:43]} bxc5 {[%emt 0:06:15]} 16. Bf4 {[%emt 0:00:29]} Bd6 {[%emt 0:24:38]} 17. Bxd6 {[%emt 0:00:06]} Qxd6 {[%emt 0:00:04]} 18. bxc5 {[%emt 0:00:04]} Qc7 {[%emt 0:00:04]} 19. f4 {[%emt 0:09:38]} a5 {[%emt 0:03:02]} 20. Nc1 {[%emt 0:03:03]} Bg6 {[%emt 0:05:54]} 21. Nd3 {[%emt 0:01:48]} Ne4 {[%emt 0:00:49]} 22. Bxe4 {[%emt 0:05:42]} Bxe4 {[%emt 0:00:37]} 23. Qd2 {[%emt 0:02:46]} Nf6 {[%emt 0:04:07]} 24. Rab1 {[%emt 0:02:50]} Bf5 {[%emt 0:00:51]} 25. Kh2 {[%emt 0:07:16]} Ne4 {[%emt 0:00:57]} 26. Nxe4 {[%emt 0:00:37]} Bxe4 {[%emt 0:00:07]} 27. Qc2 {[%emt 0:02:29]} Rb4 {[%emt 0:14:10]} 28. Rxb4 {[%emt 0:00:23]} axb4 {[%emt 0:00:06]} 29. Rb1 {[%emt 0:00:18]} Qa5 {[%emt 0:02:16]} 30. Rb2 {[%emt 0:01:20]} Qa3 {[%emt 0:05:20]} 31. Qd2 {[%emt 0:02:06]} Bxd3 {[%emt 0:00:40]} 32. exd3 {[%emt 0:00:02]} Ra4 {[%emt 0:02:26]} 33. Kg2 {[%emt 0:03:10]} Qc3 {[%emt 0:06:27]} 34. Qxc3 {[%emt 0:00:36]} bxc3 {[%emt 0:00:04]} 35. Rc2 {[%emt 0:00:02]} Ra3 {[%emt 0:00:34]} 36. Kf3 {[%emt 0:03:24]} h5 {[%emt 0:00:49]} 37. f5 {[%emt 0:06:46]} exf5 {[%emt 0:00:46]} 38. Kf4 {[%emt 0:00:02]} f6 {[%emt 0:00:24]} 39. Kxf5 {[%emt 0:00:03]} Kf7 {[%emt 0:00:11]} 40. Kf4 {[%emt 0:01:27]} g6 {[%emt 0:00:35]} 41. h4 {[%emt 0:01:38]} Ke6 {[%emt 0:00:13]} 42. Re2+ {[%emt 0:00:44]} Kf7 {[%emt 0:01:27]} 43. Rc2 {[%emt 0:00:02]} Kg7 {[%emt 0:00:19]} 44. Kf3 {[%emt 0:03:58]} g5 {[%emt 0:01:14]} 45. g4 {[%emt 0:00:16]} gxh4 {[%emt 0:00:48]} 46. gxh5 {[%emt 0:00:05]} Kh6 {[%emt 0:00:17]} 47. Kg4 {[%emt 0:00:28]} Ra4 {[%emt 0:00:06]} 48. Rxc3 {[%emt 0:01:45]} Rxd4+ {[%emt 0:00:07]} 49. Kf5 {[%emt 0:00:57]} h3 {[%emt 0:00:52]} 50. Kxf6 {[%emt 0:00:31]} Kxh5 {[%emt 0:09:30]} 51. Ke5 {[%emt 0:00:49]} h2 {[%emt 0:02:08]} 52. Rc1 {[%emt 0:00:00]} Rxd3 {[%emt 0:00:17]} 53. Kd6 {[%emt 0:02:58]} Kg4 {[%emt 0:00:26]} 54. a4 {[%emt 0:00:15]} d4 {[%emt 0:00:19]} 55. Kxc6 {[%emt 0:00:44]} Rh3 {[%emt 0:00:44]} 56. Rh1 {[%emt 0:00:36]} Kf3 {[%emt 0:00:15]} 57. Kb5 {[%emt 0:00:30]} d3 {[%emt 0:00:17]} 58. c6 {[%emt 0:00:08]} Kg2 {[%emt 0:00:05]} 59. c7 {[%emt 0:00:46]} Rh8 0-1

[Event "Almaty Open 2018"]
[Site "Almaty"]
[Date "2018.10.17"]
[Round "3"]
[White "Primbetov, Marat"]
[Black "Kostenko, Petr"]
[Result "0-1"]
[WhiteElo "2266"]
[BlackElo "2459"]
[Annotator "TA"]
[PlyCount "190"]
[EventDate "2018.10.16"]
[EventType "swiss"]
[EventCountry "KAZ"]
[SourceTitle "playchess.com"]
[Source "ChessBase"]
[SourceQuality "1"]

{[%evp 11,190,-2,-3,-23,-17,-25,-23,-32,-27,-56,-15,-22,-7,-14,0,-10,8,8,4,4,8,-19,0,-10,-9,-12,15,12,12,14,12,11,30,6,7,30,20,5,6,5,4,4,4,8,0,0,16,7,8,0,0,0,0,0,0,0,0,-15,-15,-15,0,0,-6,-5,-6,-27,0,0,0,-4,0,0,0,0,0,0,0,0,0,0,0,0,0,0,0,0,0,0,0,0,0,0,0,0,0,0,0,0,0,0,0,0,0,0,0,0,0,0,0,0,0,0,0,0,0,0,0,0,9,0,0,0,0,0,0,0,0,0,0,0,0,0,0,0,0,0,0,0,0,0,0,0,0,0,0,0,0,0,0,0,0,0,0,0,0,0,0,-29971,-29967,-29970,-29970,-29971,-29971,-29972,-29973,-29973,-29973,-29974,-29975,-29975,-29976,-29976,-29977,-29977,-29978,-29978,-29979,-29979,-29980,-29983,-29983]} 1. e4 c6 2. Nc3 d5 3. Nf3 Nf6 (3... dxe4 4. Nxe4 Nf6 5. Qe2 Bg4 6. h3 Bh5 7. Nxf6+ gxf6 8. g3 e6 9. Bg2 Na6 10. d3 Bd6 11. O-O Nc7 12. c4 Qd7 13. b3 {1-0 (51) Vachier Lagrave,M (2780)-Shimanov,A (2626) chess.com INT 2018}) 4. Qe2 Bg4 5. h3 Bxf3 6. Qxf3 {B11: Caro-Kann: Two Knights Variation} e6 {LiveBook: 3 Games} 7. a3 $146 ({Predecessor:} 7. d3 Nbd7 8. Bd2 Bb4 9. a3 Ba5 10. O-O-O d4 11. Nb1 {½-½ (53) Munoz Pantoja,M (2407)-Lopez Martinez,J (2529) Barcelona 2015}) 7... Bc5 8. d3 {The position is equal.} Nbd7 9. g3 Bd4 10. exd5 cxd5 11. Nd1 O-O 12. Bg2 b5 13. O-O a5 14. c3 Bb6 15. Qe2 Qc7 {White should prevent ...Qxg3.} 16. Be3 Rac8 17. Re1 Bxe3 18. Nxe3 b4 19. axb4 axb4 20. c4 dxc4 21. Nxc4 Rfd8 22. Ra6 Nc5 23. Rc6 Qb8 24. Ne5 Nb3 25. Qe3 Nd4 26. Rec1 Nxc6 27. Nxc6 Rxc6 28. Rxc6 h6 29. Rb6 Qa7 30. Rxb4 Qxe3 31. fxe3 Rxd3 $11 {[%mdl 4096] Endgame KRB-KRN} 32. Rb8+ Kh7 33. Kf2 Rd2+ 34. Kg1 Re2 35. Rb3 g5 36. Bf3 Rd2 37. Kf1 Kg6 38. g4 Kg7 39. Rb7 Nd5 40. Rb3 Kf6 41. Be2 Ke5 42. Ke1 Rc2 43. Kd1 Rc7 44. Bf3 f6 45. Rb5 Kd6 46. Kd2 Ra7 47. Kd3 Ra1 48. Rb8 Ke5 49. Rb5 {[#] And now e4 would win.} Kd6 50. Rb8 Rb1 51. Rb5 Rg1 52. Kd4 Rf1 53. Bxd5 {KRB-KR} Rd1+ 54. Ke4 exd5+ {KR-KR} 55. Kf3 Ke5 56. Rb8 Rh1 57. Re8+ Kd6 58. Kg2 Rb1 59. Rb8 Kc5 60. Kf3 Kc4 61. Rc8+ Kd3 62. Rc3+ Kd2 63. Rc5 Rxb2 64. Rxd5+ Ke1 65. Rd6 Rf2+ 66. Kg3 Rf1 67. Kg2 Ke2 68. e4 Rf4 69. Re6 Rf2+ 70. Kg3 Kf1 71. e5 fxe5 72. Rxe5 {aiming for Rf5.} Rg2+ (72... Rd2 {seems wilder.} 73. Re6 Rg2+ 74. Kf3 Rf2+ 75. Kg3 Rg2+) 73. Kf3 Ra2 {Strongly threatening ...Ra3+.} 74. Re3 Kg1 75. Ke4 (75. Re1+ {keeps more tension.} Kh2 76. Re6 Ra3+ 77. Kf2 Kxh3 78. Rxh6+) 75... Rh2 76. Kf5 Kg2 77. Re4 Rxh3 ({Much less strong is} 77... Kxh3 78. Kg6 $17) 78. Kg6 Kg3 79. Rb4 Rh4 80. Kf5 Rh1 (80... h5 $5 81. Rb3+ $8 Kg2 82. gxh5 Rxh5 $11) 81. Kg6 Kh4 82. Kxh6 Rg1 83. Kg6 Rxg4 $2 {[%mdl 8192] [#]} (83... Rd1 $11) 84. Rb5 $2 {[%mdl 8192]} (84. Rb1 $11) 84... Rg1 {Black mates.} 85. Kf5 Rf1+ 86. Ke4 Rf8 87. Ke3 g4 {[%cal Bg5g4,Bg4g3,Bg3g2][%mdl 32]} 88. Rb7 Kg3 89. Ke2 Kg2 90. Rh7 Re8+ 91. Kd2 g3 92. Rg7 Kf2 93. Rf7+ Kg1 94. Rg7 g2 95. Rf7 Rh8 {Precision: White = 64%, Black = 75%.} 0-1

[Event "Almaty Open 2018"]
[Site "Almaty"]
[Date "2018.10.18"]
[Round "4"]
[White "Stupak, Kirill"]
[Black "Kislinsky, Alexey"]
[Result "1-0"]
[WhiteElo "2583"]
[BlackElo "2430"]
[Annotator "TA"]
[PlyCount "83"]
[EventDate "2018.10.16"]
[EventType "swiss"]
[EventCountry "KAZ"]
[SourceTitle "playchess.com"]
[Source "ChessBase"]
[SourceQuality "1"]

{[%evp 13,83,39,43,27,16,25,29,0,23,18,27,17,23,22,22,0,0,0,0,0,23,27,5,4,31,0,0,0,0,0,3,14,83,83,78,106,269,263,289,218,266,266,268,261,268,265,250,247,336,331,464,446,542,524,1024,1052,5781,3323,2948,600,542,410,402,412,401,400,391,391,418,397,537,537]} 1. d4 Nf6 2. c4 c5 3. Nf3 g6 4. g3 Bg7 5. Bg2 cxd4 6. Nxd4 Nc6 7. O-O h5 {LiveBook: 4 Games. A31: Symmetrical English: 2 Nf3 Nf6 3 d4} (7... O-O 8. Nc2 d6 9. Nc3 Be6 10. b3 Qd7 11. Bb2 Bh3 12. Ne3 Rfd8 13. Qb1 Bxg2 14. Kxg2 e6 15. Rd1 a6 16. Rd2 Ne5 17. f3 b5 18. Ne4 Nxe4 19. Qxe4 bxc4 20. bxc4 {½-½ (67) Grischuk,A (2783)-Navara,D (2737) Tbilisi 2017}) 8. h3 O-O 9. Nc3 d6 {White has an edge.} 10. e3 Bd7 $146 ({Predecessor:} 10... a6 11. Nde2 Bd7 12. a4 Qc8 13. Kh2 e6 14. e4 Re8 15. Bg5 {1-0 (41) Tratar,M (2456)-Wells,P (2447) Antalya 2017}) 11. b3 Rb8 12. Bb2 a6 13. Rc1 Qa5 14. a3 Rfc8 15. Re1 Qd8 16. Nce2 Ne5 17. f4 Nc6 18. b4 Rc7 19. Qd3 Qc8 20. Kh2 Nxd4 21. Nxd4 e5 22. Ne2 $36 {[%mdl 2048] White has some pressure.} Bf5 (22... Bc6 $11) 23. e4 $16 {[%cal Be3e4,Be4e5][%mdl 32]} (23. Qxd6 Rd7 $11) 23... Be6 {[#]} 24. c5 $1 {[%cal Rc5d6]} (24. fxe5 dxe5 25. Bxe5 Ng4+ 26. hxg4 Bxe5 $11) 24... dxc5 $2 (24... exf4 $16 25. cxd6 Rxc1 26. Rxc1 fxg3+ 27. Qxg3 (27. Kxg3 Qf8 $11) (27. Nxg3 Qd8 $11) 27... Qe8) 25. Bxe5 $18 c4 26. Qe3 Re7 27. Bxb8 Qxb8 28. e5 Nd5 29. Qd4 Rd7 {With the idea ...Nxb4.} 30. Qxc4 Bf8 31. Qe4 Qa7 (31... a5 $142 32. Nd4 Qe8 33. Nxe6 fxe6 34. bxa5 Bxa3) 32. Red1 h4 33. g4 Bh6 34. f5 {[%cal Bf4f5,Bf5e6][%mdl 32]} Ne3 35. fxe6 Rxd1 36. Rxd1 (36. Rc8+ $142 Kg7 37. Qf3 Bf4+ 38. Nxf4 Nf1+ 39. Bxf1 Rd2+ 40. Ne2 f5 41. exf6+ Kh7 42. Rc7+ Rd7 43. exd7) 36... Nxd1 37. e7 Qb8 {If only Black now had time for ...Bg5....} 38. Qd5 Bg5 39. Qd6 ({But not} 39. Qxd1 Qxe5+ 40. Kg1 Qxe7 $18) 39... Qe8 40. Qxd1 Bxe7 41. Qd5 Bg5 42. e6 {Precision: White = 76%, Black = 39%.} 1-0

[Event "Almaty Open 2018"]
[Site "Almaty"]
[Date "2018.10.18"]
[Round "4"]
[White "Fier, Alexandr"]
[Black "Zubarev, Alexander"]
[Result "1/2-1/2"]
[WhiteElo "2558"]
[BlackElo "2490"]
[Annotator "TA"]
[PlyCount "60"]
[EventDate "2018.10.16"]
[EventType "swiss"]
[EventCountry "KAZ"]
[SourceTitle "playchess.com"]
[Source "ChessBase"]
[SourceQuality "1"]

{[%evp 23,60,52,54,52,45,46,50,55,54,38,66,0,0,12,39,6,26,0,0,0,0,-37,0,-37,-27,-18,0,-34,-20,-15,-27,-33,-32,-44,-27,-45,0,0,0]} 1. e4 c5 2. Nf3 Nc6 3. d4 cxd4 4. Nxd4 Qb6 5. Nb3 Nf6 6. Nc3 e6 7. Bd3 a6 8. Be3 Qc7 9. f4 d6 10. g4 {B33: Sicilian: Pelikan and Sveshnikov Variations} b5 11. g5 Nd7 12. Qd2 Nc5 {LiveBook: 3 Games} 13. Nxc5 dxc5 14. Qf2 Bb7 15. O-O-O O-O-O 16. Rhf1 ({Much weaker is} 16. Bxc5 Bxc5 17. Qxc5 Qxf4+ 18. Kb1 Qe5 $15) 16... Nd4 {[#]} 17. f5 $146 (17. Kb1 $14) ({Predecessor:} 17. e5 Be7 {0-1 (52) Almasi,Z (2676)-Morozevich,A (2748) Birmingham 2000}) 17... Bd6 $11 18. a4 {[%cal Ra4b5]} b4 19. Nb1 Bxh2 20. Nd2 Bg3 21. Qg1 exf5 22. exf5 (22. Bxd4 $5 cxd4 23. Rxf5 $11) 22... Rhe8 23. Kb1 Bh2 24. Qf2 Bg3 25. Qg1 $1 f6 26. Bxd4 cxd4 27. gxf6 gxf6 28. Rf3 Bf4 {[#] ...Bxd2 is the strong threat.} 29. Rh3 Re3 30. Qf1 Rxh3 {Precision: White = 54%, Black = 68%.} 1/2-1/2

[Event "Almaty Open 2018"]
[Site "Almaty"]
[Date "2018.10.18"]
[Round "4"]
[White "Burmakin, Vladimir"]
[Black "Kekelidze, Mikheil"]
[Result "1/2-1/2"]
[WhiteElo "2523"]
[BlackElo "2360"]
[Annotator "TA"]
[PlyCount "109"]
[EventDate "2018.10.16"]
[EventType "swiss"]
[EventCountry "KAZ"]
[SourceTitle "playchess.com"]
[Source "ChessBase"]
[SourceQuality "1"]

{[%evp 11,109,0,16,14,16,10,13,-5,0,0,-5,0,10,0,-8,-10,-10,-11,-8,-25,50,0,12,14,14,0,36,28,24,1,14,0,18,20,60,-70,-68,-204,-202,-200,-200,-199,-182,-190,-193,-172,-199,-215,-184,-178,-160,-141,-158,-29992,-237,-290,-279,-268,-251,-235,-111,-107,-97,-103,-104,-120,-60,-67,-39,-64,-29,-43,-15,-41,-25,-22,-13,-16,-17,-20,0,0,0,-2,0,0,0,-4,0,0,0,0,0,0,0,0,0,0,0,0]} 1. Nf3 c5 2. g3 Nc6 3. Bg2 g6 4. c4 Bg7 5. Nc3 d6 6. O-O Bf5 7. a3 {A37: Symmetrical English vs ...g6: 4 Bg2 Bg7 5 Nf3} (7. d3 Qd7 8. Nd5 Nf6 9. Bd2 O-O 10. Bc3 Nxd5 11. cxd5 Nd4 12. Nh4 Bg4 13. f3 Bh3 14. Bxh3 Qxh3 {1-0 (59) Grischuk,A (2766)-Anand,V (2759) Paris 2018}) 7... Qd7 8. d3 Bh3 9. Bd2 h5 10. Bxh3 Qxh3 11. Nd5 $146 {Strongly threatening Nc7+.} ({Predecessor:} 11. Ng5 Qd7 12. h4 Nf6 13. b4 cxb4 14. axb4 Nxb4 {½-½ (30) Miroshnichenko,E (2609)-Ivanisevic,I (2643) Calimanesti 2014}) 11... Rc8 12. Nf4 (12. Rb1 {keeps more tension.} Qd7 13. b4 Nd4 14. Ng5 e6 15. Nf4) 12... Qd7 13. Bc3 Bxc3 14. bxc3 h4 15. Ng2 Nf6 (15... hxg3 $11 16. fxg3 Nf6) 16. gxh4 (16. Nfxh4 g5 $11) 16... Kf8 17. e4 Kg7 18. Nfe1 e5 19. f4 exf4 20. Rxf4 Ne5 21. Qd2 Rc6 22. Rf1 (22. Rxf6 Kxf6 23. Qg5+ Kg7 $17) 22... Qh3 {With the idea ...Nfg4.} 23. Qf2 ({Don't go for} 23. Rxf6 $2 Kxf6 24. Qg5+ Kg7 $19) (23. d4 $1 $14) 23... Nfg4 $15 {[%csl Gg4][%cal Rh3h2]} 24. Qf4 (24. Qg3 $15 Qxg3 25. hxg3) 24... d5 $1 $40 {[%mdl 128] Black is out for blood.} 25. Qg3 Qxg3 26. hxg3 dxe4 ({Resist} 26... dxc4 27. d4 $15) 27. dxe4 Nxc4 28. Nf3 Re8 29. Rfd1 Rxe4 30. Rd7 Rf6 31. Ng5 Re2 32. Re1 $2 {[#]} (32. Nf4 $17 Re3 33. Kg2) 32... Rxe1+ $2 (32... Nce3 $1 {[%mdl 512] mates} 33. Rxf7+ Rxf7 34. Ne6+ Kh6 35. Nef4 Rxf4 $1 {[%mdl 512]} 36. Nxe3 Rxe1+ 37. Kg2 Nxe3+ 38. Kh2 Rf2+ 39. Kh3 Rh1#) 33. Nxe1 Nce5 34. Re7 Rb6 35. Nef3 Nxf3+ (35... Rb1+ $19 36. Kg2 Nc4) 36. Nxf3 {[%mdl 4096] Endgame KRN-KRN} Rb3 {aiming for ...Kf6.} 37. Ng5 {[#]} Nh6 $1 ({Much weaker is} 37... Rxa3 $6 38. Rxf7+ Kh8 39. Rxb7 $11) 38. Ne4 c4 (38... a5 $17 39. a4 b6) 39. a4 a5 40. Rc7 Ng4 (40... Ra3 $5 {[%cal Ra3a4]} 41. Rxc4 Ng4 $17) 41. Kg2 Ne5 42. Rc5 Rb2+ 43. Kf1 Ng4 {The position is equal.} 44. Rxa5 f5 45. Nd6 Nh2+ 46. Kg1 Nf3+ 47. Kf1 Nd2+ 48. Ke1 Nf3+ 49. Kf1 Nd2+ 50. Ke1 Kf6 51. Rb5 Nf3+ 52. Kf1 Nd2+ 53. Ke1 Nf3+ 54. Kf1 Nd2+ 55. Ke2 {Precision: White = 49%, Black = 44%.} 1/2-1/2

[Event "Almaty Open 2018"]
[Site "Almaty"]
[Date "2018.10.18"]
[Round "4"]
[White "Mirzoev, Azer"]
[Black "Urazayev, Arystanbek"]
[Result "1/2-1/2"]
[WhiteElo "2508"]
[BlackElo "2321"]
[Annotator "TA"]
[PlyCount "127"]
[EventDate "2018.10.16"]
[EventType "swiss"]
[EventCountry "KAZ"]
[SourceTitle "playchess.com"]
[Source "ChessBase"]
[SourceQuality "1"]

{[%evp 26,127,8,16,14,0,12,0,0,0,0,-39,0,0,12,0,18,23,20,0,7,10,14,11,17,4,10,11,16,10,8,0,0,0,0,0,14,0,10,7,10,8,22,13,35,3,3,0,0,0,0,0,0,0,0,0,0,0,0,0,0,0,0,0,0,0,0,0,0,-37,-44,-67,-48,-53,-43,-54,0,0,0,0,0,0,0,0,0,0,0,0,0,0,0,0,0,0,0,0,0,0,0,0,0,0,0,0]} 1. d4 Nf6 2. Nf3 g6 3. Nbd2 c5 4. dxc5 Qa5 5. a3 Qxc5 6. b4 Qc7 7. Bb2 Bg7 8. e3 O-O 9. c4 b6 10. Be2 Bb7 11. O-O d6 12. Qb3 Nbd7 13. Rac1 Rac8 14. Rfd1 Qb8 {A48: 1 d4 Nf6 2 Nf3 g6: Torre, London and Colle Systems} 15. h3 Qa8 16. Bf1 Rc7 17. Qa2 Rfc8 18. Qa1 a6 $146 ({Predecessor:} 18... d5 19. Ne5 Nxe5 20. Bxe5 Ne8 21. Bxg7 Nxg7 22. cxd5 Rxc1 23. Rxc1 Bxd5 24. Rxc8+ Qxc8 {½-½ (61) Mikhalevski,V (2571)-Hedman,E (2375) Stockholm 2014}) 19. Nd4 {[%cal Bf3d4,Bd4e2,Be2f4][%mdl 32]} d5 20. cxd5 Bxd5 21. Rxc7 Rxc7 22. Rc1 Rc8 23. Ne2 b5 24. Nf4 Bb7 25. Nb3 Rxc1 26. Qxc1 Qc8 27. Qxc8+ Bxc8 28. Na5 Ne4 29. Bxg7 Kxg7 30. Nd5 Kf8 31. f3 Nef6 32. Nc3 Nb6 33. Kf2 Ke8 34. g4 g5 35. Ne2 h5 36. Ng3 hxg4 37. hxg4 Be6 38. Bd3 Kd7 39. Ke2 Kc7 40. Kd2 Nfd7 41. Ne4 f6 42. Be2 Bd5 43. Nc3 Bf7 44. f4 Nd5 45. fxg5 Nxc3 46. Kxc3 fxg5 $11 {[%mdl 4096] Endgame KBN-KBN} 47. Kd4 Be6 48. Bf3 Nf6 49. Bb7 Bxg4 50. Bxa6 Be2 ({Better is} 50... Kb6 $15 51. Bb7 Bh3) 51. e4 {[%cal Be3e4,Be4e5][%mdl 32] The position is equal.} Kb6 52. Bc8 g4 {[%cal Bg5g4,Bg4g3,Bg3g2][%mdl 32]} 53. Ke3 Bd1 {Hoping for ...e5.} 54. Be6 g3 {aiming for ...Nxe4!} 55. e5 $1 {[%cal Re5f6]} Ng4+ (55... Ne4 $5 56. Bh3 $8 Nf2 $11) 56. Bxg4 $1 Bxg4 {KB-KN} 57. Nb3 $1 Be6 (57... g2 $5 58. Kf2 $8 Be6 $11) 58. Nd4 Bd5 59. Nf5 g2 60. Kf2 e6 61. Nd4 Ka6 62. Kg1 Kb6 63. Kf2 Ka6 64. Kg1 {Precision: White = 61%, Black = 62%.} 1/2-1/2

[Event "Almaty Open 2018"]
[Site "Almaty"]
[Date "2018.10.18"]
[Round "4"]
[White "Khegay, Dmitriy"]
[Black "Abdilkhair, Abilmansur"]
[Result "1-0"]
[WhiteElo "2499"]
[BlackElo "2194"]
[Annotator "TA"]
[PlyCount "47"]
[EventDate "2018.10.16"]
[EventType "swiss"]
[EventCountry "KAZ"]
[SourceTitle "playchess.com"]
[Source "ChessBase"]
[SourceQuality "1"]

{[%evp 11,47,10,74,-48,-43,-55,-63,-40,-29,-20,-31,-23,-22,-27,-12,-27,-23,-31,-20,-30,-55,-94,-79,-100,-63,-112,-105,-107,-41,-104,-49,-63,-58,-75,414,410,831,856]} 1. e4 c6 2. d4 d5 3. e5 c5 4. dxc5 Nc6 5. a3 e6 6. Nf3 {B12: Caro-Kann: Advance Variation} Qc7 {LiveBook: 7 Games} (6... Bxc5 $11 7. Bd3 Nge7) 7. Nbd2 $146 (7. b4 $16) ({Predecessor:} 7. Be3 Bd7 8. Nc3 a6 9. Na4 Nxe5 10. Nb6 Rd8 11. Nxe5 Qxe5 12. Qd4 Qxd4 13. Bxd4 {1-0 (31) Akopian,V (2660)-Parligras,M (2583) Jerusalem 2015}) 7... Bxc5 $15 8. b4 {Black is slightly better.} Bd4 $1 {[%cal Rd4a1]} 9. Nxd4 Nxd4 10. Nc4 $1 {[%cal Rc4d6] [#] Black must now prevent Nd6+.} Nf5 11. Nd6+ $1 Nxd6 12. exd6 Qxd6 13. Bb2 Nf6 14. Bd3 e5 {[%cal Be6e5,Be5e4][%mdl 32]} 15. O-O O-O $1 16. Kh1 Bd7 17. f4 e4 18. Be2 {[#]} Ba4 $1 19. Qd2 Rfc8 (19... Rad8 $17 {aiming for ...d4.} 20. Bd4 Rfe8) 20. Rac1 (20. c4 $1 $15) 20... d4 (20... Rd8 $17 {...d4 is the strong threat.} 21. Be5 Qe6) 21. Bxd4 Bxc2 22. Qe3 Rd8 $2 {[%mdl 8192]} (22... Nd5 $17 {and life is bright.} 23. Qd2 Ba4) 23. Bxf6 $1 $18 Qd2 (23... Qxf6 $142 24. Rxc2 Qd4 25. Qxd4 Rxd4) 24. Qg3 {Precision: White = 46%, Black = 35%.} 1-0